Buddhistiske Land - Statistics

General Stats
  • This quiz has been taken 24 times
  • The average score is 10 of 14
Answer Stats
% land % Correct
80,1 Myanmar
100%
18,2 Kina
91%
36,2 Japan
87%
93,2 Thailand
87%
16,4 Vietnam
87%
66,0 Laos
83%
55,1 Mongolia
74%
22,9 Sør-Korea
74%
69,3 Sri Lanka
74%
21,3 Taiwan
65%
74,7 Bhutan
57%
17,7 Malaysia
57%
96,9 Kambodsja
48%
33,9 Singapore
43%
No matching quizzes found
Score Distribution
Percent of People with Each Score
Percentile by Number Answered
Your Score History
You have not taken this quiz